1411 1650 1486 1180 1553 1205 1044 1289 1512 1940 1325 1961 1923 1852 1651 1918 1926 1471 1754 1548 1045 1630 1221 1266 1450 1823 1404 1082 1018 1558 1635 1731 1043 1971 1854 1104 1272 1990 1652 1226 1462 1877 1833 1192 1893 1519 1226 1086 1451 1066 1576 1204 1904 1342 1449 1657 1618 1778 1492 1301 1720 1911 1069 1215 1054 1826 1451 1480 1223 1910 1391 1585 1100 1459 1331 1977 1580 1998 1885 1170 1493 1571 1026 1298 1873 1923 1776 1272 1870 1468 1490 1252 1331 1719 1462 1156 1886 1899 1778 BCNSPRNW ULIB Ver.6.0+V

เปลี่ยนเป็นภาษาไทย

Change to English
 แสดงรายละเอียดบรรณานุกรม
  กลับหน้าหลัก

Brief Record : Get Marc (ISO 2709) : E-mail record : QR code < ปิดหน้าต่าง
LEADER : 00000nam 2200000uu 4500
001    13399129047
003     ULIB
008    020711s2567 th a 000 0 tha d
020    ^a9786164263604
060    ^aWY150^bธ582ก
100 0  ^aธิดารัตน์ คำบุญ
245    ^aการพยาบาลผู้ป่วยมะเร็งปอด (Nursing Care for Patients with Lung Cancer)/^cธิดารัตน์ คำบุญ
250    ^aพิมพ์ครั้งที่ 1
260    ^aพิษณุโลก :^bมหาวิทยาลัยนเรศวร,^c2567
300    ^a498 หน้า
650    ^aปอด^xมะเร็ง^xการพยาบาล
945    ^p560^l0^i011697
945    ^p560^l0^i011698
945    ^p560^l0^i011699
945    ^p560^l0^i011700
945    ^p560^l0^i011701
999    ^aประนอม เกษจรัล
รายการนี้ยังไม่มีแท็ก
คุณยังไม่ได้ล็อกอิน คุณสามารถมีกิจกรรมร่วมกับเว็บไซต์ได้ แต่ต้องล็อกอินก่อน ::
  ล็อกอิน

รายการสื่อสารสนเทศ

ลำดับที่ ประเภท เลขเรียก/บาร์โค้ด สถานที่ สถานะ
1. Book การพยาบาล
หนังสือสำรอง
สถานะ=หนังสือสำรอง
WY150 ธ582ก ฉ.1 
  Barcode: 011697
ห้องสมุดวิทยาเขตสวรรค์ประชารักษ์
►หนังสือทั่วไป
บนชั้น
2. Book การพยาบาล
Book การพยาบาล
WY150 ธ582ก ฉ.2 
  Barcode: 011698
ห้องสมุดวิทยาเขตสวรรค์ประชารักษ์
►หนังสือทั่วไป
บนชั้น
3. Book การพยาบาล
Book การพยาบาล
WY150 ธ582ก ฉ.3 
  Barcode: 011699
ห้องสมุดวิทยาเขตสวรรค์ประชารักษ์
►หนังสือทั่วไป
บนชั้น
4. Book การพยาบาล
Book การพยาบาล
WY150 ธ582ก ฉ.4 
  Barcode: 011700
ห้องสมุดวิทยาเขตสวรรค์ประชารักษ์
►หนังสือทั่วไป
บนชั้น
5. Book การพยาบาล
Book การพยาบาล
WY150 ธ582ก ฉ.5 
  Barcode: 011701
ห้องสมุดวิทยาเขตสวรรค์ประชารักษ์
►หนังสือทั่วไป
บนชั้น

รายการใกล้เคียง
    ผู้แต่ง [ธิดารัตน์ คำบุญ]

BibComment


ยังไม่เคยถูกคอมเมนท์

คอมเมนท์ทรัพยากรรายการนี้
  คอมเมนท์: การพยาบาลผู้ป่วย..


 Copyright 2026. Bcnsprnw @Library